Animés les plus connus - Statistiques

Statistiques générales
  • Ce quiz a été pris 195 fois
  • Le résultat moyen est 10 sur 20
Statistiques - réponses
Indices Date de sortie Animés % Correct
1999 One Piece
96%
2002 Naruto
95%
1986 Dragon Ball
92%
2004 Bleach
69%
2019 Demon Slayer
69%
2011 Hunter x Hunter
66%
2006 Death Note
63%
2020 Jujutsu Kaisen
57%
2016 My Hero Academia
56%
2009 Fairy Tail
52%
1989 Dragon Ball Z
39%
2015 One Punch Man
39%
2003 Fullmetal Alchemist
37%
2014 Tokyo Ghoul
35%
2015 Dragon Ball Super
32%
2007 Naruto Shippuden
26%
2012 Sword Art Online
25%
2017 Black Clover
23%
2013 Attack on Titan
20%
2009 Fullmetal Alchemist Brotherhood
11%
Aucun quiz correspondant
Distribution des résultats
% des personnes avec chaque résultat
Percentile par nombre de réponses
Votre historique - résultats
Vous n’avez pas pris ce quiz